Etická klíma vo vzťahoch zákazník-predávajúci bakalárska práca

Na minha lista:
Detalhes bibliográficos
Autor principal: Krajčovičová, Dagmar
Autor Corporativo: Obchodná fakulta EU. Katedra marketingu
Outros Autores: Šveda, Lukáš
Formato: Livro
Idioma:eslovaco
Publicado em: Bratislava 2012
Tags: Adicionar Tag
Sem tags, seja o primeiro a adicionar uma tag!

MARC

LEADER 00000nbm a2200000 4500
001 0154607
005 20161109111854.5
041 0 |a slo 
044 |a SK 
245 1 0 |a Etická klíma vo vzťahoch zákazník-predávajúci  |b bakalárska práca  |c Dagmar Krajčovičová ; školiteľ: Lukáš Šveda 
264 1 |a Bratislava  |c 2012 
300 |a 50 s. 
100 1 |a Krajčovičová, Dagmar 
700 1 |a Šveda, Lukáš 
710 2 |a Obchodná fakulta EU. Katedra marketingu